[Event "2023 National K-12 Grade Championships"]
[Site "Orlando, Florida, United States"]
[Date "2023.12.15"]
[Round "2.25"]
[White "Dong, Kyle Qiyu"]
[Black "Fang, Zelin"]
[Result "1/2-1/2"]
[TimeControl "G/90;d10"]
[WhiteElo "2144"]
[BlackElo "1558"]

1. Nf3 {[%clk 01:30:00]} Nf6 {[%clk 01:29:07]} {[%emt 00:00:23]} 2. c4 {[%clk
01:30:00]} {[%emt 00:00:04]} g6 {[%clk 01:28:24]} {[%emt 00:00:53]} 3. b3
{[%clk 01:29:53]} {[%emt 00:00:15]} Bg7 {[%clk 01:27:24]} {[%emt 00:01:12]} 4.
Bb2 {[%clk 01:29:53]} {[%emt 00:00:07]} c5 {[%emt 00:08:17]} 5. g3 {[%clk
01:29:25]} {[%emt 00:00:33]} b6 {[%clk 01:13:27]} {[%emt 00:06:05]} 6. Bg2
{[%clk 01:29:22]} {[%emt 00:01:19]} Bb7 {[%clk 01:13:27]} 7. O-O {[%clk
01:29:22]} e6 {[%clk 01:10:09]} {[%emt 00:02:36]} 8. d4 {[%clk 01:24:44]}
{[%emt 00:04:48]} d5 {[%clk 01:08:38]} {[%emt 00:01:42]} 9. dxc5 {[%clk
01:24:28]} {[%emt 00:00:43]} bxc5 {[%clk 01:08:22]} {[%emt 00:00:12]} 10. cxd5
{[%clk 01:23:31]} {[%emt 00:01:02]} exd5 {[%clk 01:07:54]} {[%emt 00:00:39]} 11.
Nbd2 {[%clk 01:23:31]} {[%emt 00:00:13]} O-O {[%clk 01:07:42]} {[%emt
00:01:23]} 12. Rc1 {[%clk 01:23:31]} Qb6 {[%clk 01:05:11]} {[%emt 00:01:38]} 13.
Qc2 {[%clk 01:21:44]} {[%emt 00:02:01]} Nbd7 {[%clk 01:03:36]} {[%emt
00:02:53]} 14. Ne5 {[%clk 01:20:17]} {[%emt 00:00:26]} Rac8 {[%clk 00:53:12]}
{[%emt 00:10:34]} 15. Rfd1 {[%clk 01:11:49]} {[%emt 00:08:37]} Nxe5 {[%clk
00:52:03]} {[%emt 00:01:19]} 16. Bxe5 {[%clk 01:11:49]} {[%emt 00:00:39]} Rfd8
{[%clk 00:51:59]} {[%emt 00:00:36]} 17. Qb2 {[%clk 01:09:33]} {[%emt 00:01:33]}
Ne8 {[%clk 00:49:14]} {[%emt 00:02:54]} 18. Bh3 {[%clk 01:08:30]} {[%emt
00:01:15]} Rc6 {[%clk 00:47:59]} {[%emt 00:01:23]} 19. Nf3 {[%clk 01:05:31]}
{[%emt 00:03:57]} Bc8 {[%clk 00:44:51]} {[%emt 00:02:29]} 20. Bg2 {[%clk
01:03:19]} {[%emt 00:02:25]} Be6 {[%clk 00:42:24]} {[%emt 00:02:34]} 21. Bxg7
{[%clk 01:03:00]} {[%emt 00:00:29]} Nxg7 {[%clk 00:42:01]} {[%emt 00:00:59]} 22.
Ng5 {[%clk 01:02:03]} {[%emt 00:00:45]} Rcc8 {[%clk 00:40:29]} {[%emt
00:01:39]} 23. Qe5 {[%clk 00:54:21]} {[%emt 00:08:30]} Qd6 {[%clk 00:39:15]}
{[%emt 00:00:45]} 24. Qxd6 {[%clk 00:54:17]} {[%emt 00:00:16]} Rxd6 {[%clk
00:39:15]} {[%emt 00:00:20]} 25. Ne4 {[%clk 00:54:17]} Ra6 {[%clk 00:36:42]}
{[%emt 00:03:01]} 26. Rxc5 {[%clk 00:42:30]} {[%emt 00:13:12]} Rxc5 {[%clk
00:32:09]} {[%emt 00:03:08]} 27. Nxc5 {[%clk 00:42:30]} {[%emt 00:00:06]} Rxa2
{[%clk 00:32:09]} {[%emt 00:00:07]} 28. e3 {[%clk 00:23:22]} {[%emt 00:19:20]}
Rc2 {[%clk 00:30:14]} {[%emt 00:02:13]} 29. b4 {[%clk 00:23:22]} {[%emt
00:00:03]} a5 {[%clk 00:29:27]} {[%emt 00:00:56]} 30. Ra1 {[%clk 00:23:11]}
{[%emt 00:00:21]} Bc8 {[%clk 00:24:56]} {[%emt 00:05:11]} 31. Nd3 {[%clk
00:17:34]} {[%emt 00:05:18]} Rc3 {[%clk 00:21:09]} {[%emt 00:04:10]} 32. Nf4
{[%clk 00:17:27]} {[%emt 00:00:12]} axb4 {[%clk 00:18:08]} {[%emt 00:03:14]} 33.
Nxd5 {[%clk 00:17:25]} {[%emt 00:00:17]} Ra3 {[%clk 00:17:27]} {[%emt
00:00:35]} 34. Rc1 {[%clk 00:15:55]} {[%emt 00:01:49]} Be6 {[%clk 00:17:19]}
{[%emt 00:00:17]} 35. Nxb4 {[%clk 00:15:48]} {[%emt 00:00:09]} Nf5 {[%clk
00:17:15]} {[%emt 00:00:13]} 36. Nd5 {[%clk 00:15:08]} {[%emt 00:00:48]} Kg7
{[%clk 00:16:56]} {[%emt 00:00:29]} 37. Nf4 {[%clk 00:15:08]} {[%emt 00:00:07]}
Bb3 {[%clk 00:15:31]} {[%emt 00:01:28]} 38. Bf3 {[%clk 00:14:58]} {[%emt
00:00:44]} Ra7 {[%clk 00:15:03]} {[%emt 00:00:43]} 39. Rc3 {[%clk 00:14:37]}
{[%emt 00:00:09]} Ba2 {[%clk 00:14:42]} {[%emt 00:00:36]} 40. Kg2 {[%clk
00:14:37]} {[%emt 00:00:46]} Rd7 {[%clk 00:14:28]} 41. Bg4 {[%clk 00:14:04]}
{[%emt 00:00:26]} Rd2 {[%clk 00:13:39]} {[%emt 00:01:00]} 42. Bxf5 {[%clk
00:13:51]} {[%emt 00:00:24]} gxf5 {[%clk 00:13:39]} {[%emt 00:00:08]} 43. Rc5
{[%clk 00:13:49]} {[%emt 00:00:06]} Be6 {[%clk 00:13:39]} {[%emt 00:00:21]} 44.
Rc7 {[%clk 00:13:00]} {[%emt 00:00:42]} Bd5+ {[%clk 00:12:07]} {[%emt
00:01:42]} 45. Nxd5 {[%clk 00:10:51]} {[%emt 00:02:22]} Rxd5 {[%clk 00:12:07]}
{[%emt 00:00:12]} 46. Rc2 {[%clk 00:10:51]} {[%emt 00:00:19]} Kg6 {[%clk
00:12:05]} {[%emt 00:00:04]} 47. Kf3 {[%clk 00:10:51]} f6 {[%clk 00:12:05]}
{[%emt 00:00:04]} 48. Ra2 {[%clk 00:09:00]} {[%emt 00:02:04]} Rb5 {[%clk
00:12:04]} {[%emt 00:00:05]} 49. h3 {[%clk 00:08:10]} {[%emt 00:00:58]} h5
{[%clk 00:10:50]} {[%emt 00:01:24]} 50. Rc2 {[%clk 00:07:51]} {[%emt 00:00:34]}
Ra5 {[%clk 00:10:50]} 51. Rd2 {[%clk 00:06:43]} {[%emt 00:01:25]} Rb5 {[%clk
00:10:50]} 52. g4 {[%clk 00:06:37]} {[%emt 00:00:25]} fxg4+ {[%clk 00:10:50]}
{[%emt 00:00:08]} 53. hxg4 {[%clk 00:06:34]} {[%emt 00:00:06]} hxg4+ {[%clk
00:10:50]} {[%emt 00:00:11]} 54. Kxg4 {[%clk 00:06:34]} {[%emt 00:00:04]} Rg5+
{[%clk 00:10:50]} {[%emt 00:00:05]} 55. Kf3 {[%clk 00:06:28]} {[%emt 00:00:40]}
Rf5+ {[%clk 00:10:50]} {[%emt 00:00:17]} 56. Ke2 {[%clk 00:06:24]} {[%emt
00:00:12]} Re5 {[%clk 00:10:50]} {[%emt 00:00:09]} 57. Rb2 {[%clk 00:06:20]}
{[%emt 00:00:04]} Kf5 {[%clk 00:10:45]} {[%emt 00:00:34]} 58. Rb6 {[%clk
00:06:00]} {[%emt 00:00:08]} Ra5 {[%clk 00:10:16]} {[%emt 00:00:43]} 59. Rb2
{[%clk 00:05:51]} {[%emt 00:00:17]} Rc5 {[%clk 00:09:19]} {[%emt 00:01:04]} 60.
Kd3 {[%clk 00:05:39]} {[%emt 00:00:22]} Rc6 {[%clk 00:09:10]} {[%emt 00:00:25]}
61. Kd4 {[%clk 00:05:38]} {[%emt 00:00:05]} Ke6 {[%clk 00:09:10]} {[%emt
00:00:17]} 62. Ke4 {[%clk 00:05:00]} {[%emt 00:00:43]} Rc4+ {[%clk 00:09:10]}
{[%emt 00:00:05]} 63. Kd3 {[%clk 00:05:00]} {[%emt 00:00:22]} Rc6 {[%clk
00:09:10]} 64. Rb4 {[%clk 00:05:00]} {[%emt 00:00:13]} Kd6 {[%clk 00:08:49]}
{[%emt 00:00:14]} 65. Ke4 {[%clk 00:04:38]} {[%emt 00:00:40]} Ke6 {[%clk
00:08:44]} {[%emt 00:00:07]} 66. Rb5 {[%clk 00:04:38]} {[%emt 00:00:12]} Rc4+
{[%clk 00:08:43]} {[%emt 00:00:07]} 67. Kd3 {[%clk 00:04:36]} {[%emt 00:00:05]}
Rc6 {[%clk 00:08:43]} {[%emt 00:00:22]} 68. e4 {[%clk 00:04:36]} Ra6 {[%clk
00:08:43]} {[%emt 00:00:07]} 69. Ke3 {[%clk 00:04:36]} Ra3+ {[%clk 00:08:39]}
{[%emt 00:00:12]} 70. Kf4 {[%clk 00:04:36]} {[%emt 00:00:08]} Ra6 {[%clk
00:08:27]} {[%emt 00:00:18]} 71. f3 {[%clk 00:04:34]} {[%emt 00:00:17]} Rc6
{[%clk 00:08:27]} {[%emt 00:00:03]} 72. Rh5 {[%clk 00:04:34]} {[%emt 00:00:03]}
Ra6 {[%clk 00:08:07]} {[%emt 00:00:28]} 73. Kg3 {[%clk 00:04:28]} {[%emt
00:00:20]} Ra7 {[%clk 00:08:06]} {[%emt 00:00:12]} 74. Kf4 {[%clk 00:04:21]}
{[%emt 00:00:12]} Ra6 {[%clk 00:08:06]} {[%emt 00:00:41]} 75. Rh6 {[%clk
00:04:21]} Ra5 {[%clk 00:08:04]} 76. Rh8 {[%clk 00:04:21]} Rb5 {[%clk
00:07:59]} {[%emt 00:00:05]} 77. Re8+ {[%clk 00:04:21]} {[%emt 00:00:08]} Kf7
{[%clk 00:07:59]} {[%emt 00:00:13]} 78. Ra8 {[%clk 00:04:21]} Rb6 {[%clk
00:07:18]} {[%emt 00:00:44]} 79. Rd8 {[%clk 00:04:16]} {[%emt 00:00:40]} Ra6
{[%clk 00:07:11]} {[%emt 00:00:03]} 80. Kf5 {[%clk 00:04:16]} {[%emt 00:00:03]}
Ra5+ {[%clk 00:07:04]} {[%emt 00:00:09]} 81. Rd5 {[%clk 00:04:16]} {[%emt
00:00:10]} Ra7 {[%clk 00:06:46]} {[%emt 00:00:44]} 82. f4 {[%clk 00:04:16]} Rb7
{[%clk 00:06:18]} {[%emt 00:00:26]} 83. Ra5 {[%clk 00:04:14]} {[%emt 00:00:07]}
Rc7 {[%clk 00:06:18]} {[%emt 00:00:19]} 84. Rb5 {[%clk 00:04:14]} {[%emt
00:00:36]} Ra7 {[%clk 00:06:18]} 85. Rb6 {[%clk 00:03:36]} {[%emt 00:00:32]}
Ra5+ {[%clk 00:06:18]} 86. Kg4 {[%clk 00:03:36]} Ra7 {[%clk 00:06:02]} {[%emt
00:00:20]} 87. f5 {[%clk 00:02:34]} {[%emt 00:02:26]} Re7 {[%clk 00:05:46]} 88.
Kf4 {[%clk 00:02:32]} Ra7 {[%clk 00:05:42]} 89. Rc6 {[%clk 00:02:29]} Rb7
{[%clk 00:05:25]} {[%emt 00:00:16]} 90. Ke3 {[%clk 00:02:29]} {[%emt 00:00:08]}
Rd7 {[%clk 00:04:53]} {[%emt 00:00:44]} 91. Rb6 {[%clk 00:02:20]} {[%emt
00:00:14]} Ke7 {[%clk 00:04:40]} {[%emt 00:00:23]} 92. Re6+ {[%clk 00:01:57]}
{[%emt 00:00:33]} Kf7 {[%clk 00:04:40]} {[%emt 00:00:41]} 93. Rc6 {[%clk
00:01:57]} Ke7 {[%clk 00:04:40]} {[%emt 00:00:03]} 94. Rc5 {[%clk 00:01:57]}
Ra7 {[%clk 00:03:26]} {[%emt 00:01:06]} 95. Kd4 {[%clk 00:01:57]} {[%emt
00:00:18]} Rd7+ {[%clk 00:03:01]} {[%emt 00:00:24]} 96. Kc4 {[%clk 00:01:57]}
{[%emt 00:00:34]} Rd1 {[%clk 00:02:38]} {[%emt 00:00:13]} 97. Rd5 {[%clk
00:01:25]} {[%emt 00:00:32]} Rc1+ {[%clk 00:02:27]} {[%emt 00:00:42]} 98. Kb5
{[%emt 00:00:08]} Rb1+ {[%clk 00:02:27]} 99. Kc6 {[%clk 00:01:25]} Rb4 {[%clk
00:02:27]} 100. Rd7+ {[%clk 00:01:25]} {[%emt 00:00:06]} Ke8 {[%clk 00:02:27]}
{[%emt 00:00:11]} 101. Rh7 {[%clk 00:01:06]} {[%emt 00:00:31]} Rxe4 {[%clk
00:02:27]} 102. Kd6 {[%clk 00:01:06]} {[%emt 00:00:04]} Re5 {[%clk 00:02:21]}
{[%emt 00:00:08]} 103. Rh5 {[%clk 00:01:06]} {[%emt 00:00:11]} Kf7 {[%clk
00:02:21]} {[%emt 00:00:08]} 104. Rh7+ {[%clk 00:01:06]} {[%emt 00:00:07]} Kg8
{[%clk 00:02:21]} 105. Rh5 {[%clk 00:01:06]} {[%emt 00:00:23]} Kg7 {[%clk
00:02:21]} 106. Kc6 {[%clk 00:01:06]} Ra5 {[%clk 00:02:19]} 107. Kb6 {[%clk
00:01:06]} {[%emt 00:00:05]} Re5 {[%clk 00:02:19]} {[%emt 00:00:09]} 108. Kc6
{[%clk 00:01:06]} Ra5 {[%clk 00:02:19]} {[%emt 00:00:04]} 109. Kd7 {[%clk
00:01:06]} Re5 {[%clk 00:02:19]} 110. Kd8 {[%clk 00:01:06]} Re4 {[%clk
00:02:19]} {[%emt 00:00:04]} 111. Kd7 {[%clk 00:01:06]} {[%emt 00:00:04]} Re5
{[%clk 00:02:19]} {[%emt 00:00:03]} 112. Kc7 {[%clk 00:01:06]} Ra5 {[%clk
00:02:19]} {[%emt 00:00:07]} 113. Kd7 {[%clk 00:01:06]} {[%emt 00:00:07]} Re5
{[%clk 00:02:19]} 114. Kc6 {[%clk 00:01:06]} {[%emt 00:00:07]} Ra5 {[%clk
00:02:19]} {[%emt 00:00:04]} 115. Kb6 {[%clk 00:01:06]} Re5 {[%clk 00:02:19]}
{[%emt 00:00:10]} 116. Kb7 {[%clk 00:01:06]} Ra5 {[%clk 00:02:19]} 117. Kb6
{[%clk 00:01:06]} {[%emt 00:00:03]} Re5 {[%clk 00:02:19]} 1/2-1/2